00278nam a2200121Ia 4500008004100000082001500041100001700056245003000073250000900103260002800112300000800140650000800148191201s2012 xx 000 0 und d a658.3bDEH aDESSLER,Gary 0aHuman Resource Management a11th aN. DelhibPearsonc2012 a736 aBBA